00745nam a2200217 a 450000100060000000300080000600500170001400800410003102000310007203500210010304000270012404100080015108200320015910000240019124501290021526000380034430000230038250400570040565000300046265000350049240400BD-RjUL20211209053214.0160430s2014 bg b 000 0 eng  a9789849043256c: Tk.450.00 a(BD-RjUL) 40515 aDLCbengcDLCdBD-RjUL aeng 223a307.336454924bRAC 20141 aRahman, Md. Arifur,10aCommunity participation in health and sanitation management :ba study on selected slums of Dhaka city /cMd. Arifur Rahman. aBhaka :bOsder Publication,c2014 a191 pages ;c22 cm aIncludes bibliographical references (pages 177-186). aSlumszBangladesh (Dhaka) aSanitationzBangladesh (Dhaka)